000 00447nam a2200181Ia 4500
008 090124s9999 xx 000 0 und d
082 _b124819
100 _aराजे शैलजा
245 _a इभ्रत
250 _a1
260 _c1991
300 _a153
600 _aराजे शैलजा
630 _a इभ्रत
700 _aराजे शैलजा
730 _a इभ्रत
942 _cBOOK
999 _c170906
_d170906